back number 全曲 - Statistics

General Stats
  • This quiz has been taken 33 times
  • The average score is 81 of 196
Answer Stats
Hint Answer % Correct
クリスマスソング
95%
ハッピーエンド
95%
怪盗
95%
水平線
95%
7thシングル | blues 青い春
89%
高嶺の花子さん
89%
ヒロイン
89%
花束
84%
オールドファッション
84%
エメラルド
84%
HAPPY BIRTHDAY
84%
世田谷ラブストーリー
79%
17thシングル 瞬き
79%
わたがし
74%
ブルーアンバー
74%
68%
手紙
68%
アイラブユー
68%
黄色
68%
1stシングル | スーパースター はなびら
63%
幕が上がる
63%
冬と春
58%
003
58%
12thシングル | シャンデリア SISTER
58%
スーパースターになったら
53%
繋いだ手から
53%
大不正解
53%
君の恋人になったら
53%
新しい恋人達に
53%
幸せ
47%
黒い猫の歌
47%
ベルベットの詩
47%
春を歌にして
42%
西藤公園
42%
日曜日
42%
ラブストーリー 聖者の行進
42%
光の街
42%
赤い花火
42%
ヒーロースーツ
42%
怪獣のサイズ
42%
fish
42%
MOTTO
42%
海岸通り
37%
助演女優症
37%
ミラーボールとシンデレラ
37%
アップルパイ
37%
MAGIC 最深部
37%
強化書
37%
助演女優症2
37%
そのドレスちょっと待った
32%
半透明人間
32%
チェックのワンピース
32%
君がドアを閉めた後
32%
あかるいよるに
32%
ユーモア 秘密のキス
32%
勝手にオリンピック
32%
ある未来より愛を込めて
32%
風の強い日
26%
ハイスクールガール
26%
電車の窓から
26%
エンディング
26%
サイレン
26%
僕は君の事が好きだけど君は僕を別に好きじゃないみたい
26%
泡と羊
26%
東京の夕焼け
26%
僕の名前を
26%
サマーワンダーランド
26%
ロンリネス
26%
雨と僕の話
26%
ゴールデンアワー
26%
パレード
26%
魔女と僕
26%
one room
26%
then
26%
リッツパーティー
21%
笑顔
21%
添い寝チャンスは突然に
21%
バースデー
21%
遠吠え
21%
ARTIST
21%
Hey!Brother!
21%
Life
21%
sympathy
21%
あとのうた
16%
思い出せなくなるその日まで
16%
平日のブルース
16%
ネタンデルタール人
16%
エキシビジョンデスマッチ
16%
だいじなこと
16%
アーバンライフ
16%
君はいらないだろうな
16%
ひとくいにんげん
16%
ゆめなのであれば
16%
ジャスティスインザボックス
16%
bird’s sorrow
16%
fallman
16%
KNOCK
16%
monaural fantasy
16%
Silent Journey In Tokyo
16%
tender
16%
浮ついた気持ち
11%
おまえさん
11%
ミスターパーフェクト
11%
ささえる人の歌
11%
僕が今できることを
11%
こわいはなし
11%
はじまりはじまり
11%
アイアムノットイナフ
11%
君の代わり
11%
反省線急行自宅行き
11%
(CP曲) 楽園の地図
11%
FC限定 女王の猿
11%
Jaguar
11%
Liar
11%
march
11%
あとのまつり stay with me
11%
逃した魚 重なり
5%
いつか忘れてしまっても
5%
あやしいひかり
5%
こぼれ落ちて
5%
手の鳴る方へ
5%
信者よ盲目であれ
5%
優柔不断宣言
5%
頬を濡らす雨のように
0%
No matching quizzes found
Score Distribution
Percent of People with Each Score
Percentile by Number Answered
Your Score History
You have not taken this quiz